00595pab a2200169 454500008004000000100002100040245013000061260000900191300001600200362000800216650001800224650001800242773003400260909001000294999001700304952010400321180718b2003 xxu||||| |||| 00| 0 eng d aBonoli, Giuliano aSocial policy through labor markets: understanding national differences in the provision of economic security to wage earners c2003 ap.1007-030. aNov aSocial policy aLabour market aComparative Political Studies a58660 c58660d58660 00104070aIIPAbIIPAd2018-07-19hVolume no: 36, Issue no: 9pAR59105r2018-07-19w2018-07-19yAR